| 000 | 01008nam a2200229 i 4500 | ||
|---|---|---|---|
| 001 | bg | ||
| 245 | 0 | 0 |
_aAzotany w ekosystemach rolniczych / _cKatedra Przyrodniczych Podstaw i Skutków Nawożenia akademii Rolniczo-Technicznej im M. Oczapowskiego w Olsztynie, Komitet Gleboznawstwa i chemii Rolnej PAN. |
| 260 |
_aOlsztyn : _bWydaw. ART, _c1996. |
||
| 300 |
_a409 s. : _bwykr. ; _c24 cm. |
||
| 490 | 1 |
_aZeszyty Problemowe Postępów Nauk Rolniczych / Polska Akademia Nauk. Wydział Nauk Rolniczych i Leśnych, _x0084-5477 ; _vz.440 |
|
| 504 | _aBibliogr. przy art. - Streszcz., summ. | ||
| 650 | 9 |
_aAzotany _xhigiena |
|
| 650 | 9 |
_aNawozy organiczne _xbezpieczeństwo |
|
| 650 | 9 |
_aNawożenie _xzagadnienia |
|
| 650 | 9 |
_aRolnictwo _xekologia |
|
| 830 | 0 |
_aZeszyty Problemowe Postępów Nauk Rolniczych (Polska Akademia Nauk. Wydział Nauk Rolniczych i Leśnych) ; _vz.440 |
|
| 040 | _cBPK | ||
| 041 | 0 |
_apl _bplen |
|
| 080 | _a631.95:504.4.05 | ||
| 942 | _cKS | ||
| 008 | s pl f |000 0 pol | ||
| 999 |
_c30995 _d30995 |
||
| 856 |
_uhttp://koha.tu.koszalin.pl/cgi-bin/koha/opac-detail.pl?biblionumber=30995 _yKatalog online BPK |
||